| 000 | 00858nam a22002657a 4500 | ||
|---|---|---|---|
| 005 | 20201128023600.0 | ||
| 008 | 151001s2014 ii a fr 001 0 eng d | ||
| 020 | _a9789332902633 | ||
| 020 | _a9332902631 | ||
| 040 |
_aEG-ScBUE _beng _cEG-ScBUE |
||
| 082 | 0 | 4 |
_a660.2994 _bSMI _222 |
| 100 | 1 |
_aSmith, J. M. _q(Joseph Mauk), _d1916- _96218 |
|
| 245 | 1 | 0 |
_aChemical engineering kinetics / _cJ. M. Smith. |
| 250 | _a3rd ed., India ed. | ||
| 260 |
_aNwe Delhi : _bMcGraw Hill Education (india) Private Limited, _c2014. |
||
| 300 |
_axix, 676 p. : _bill. ; _c24 cm. |
||
| 500 | _aIncludes indexes. | ||
| 650 | 7 |
_aThermodynamics. _2BUEsh _91919 |
|
| 650 | 7 |
_achemical engineering. _2BUEsh _91062 |
|
| 650 | 7 |
_aChemical kinetics. _2BUEsh _96220 |
|
| 651 | _2BUEsh | ||
| 653 |
_bENGGEN _cOctober2015 |
||
| 655 |
_vReading book _934232 |
||
| 942 |
_2ddc _k660.2994 SMI |
||
| 999 |
_c20879 _d20851 |
||